Hablar de Dios resulta peligroso : (Record no. 190777)

MARC details
000 -LEADER
campo de control de longitud fija 01039nam a2200277 i 4500
001 - NÚMERO DE CONTROL
campo de control 190777
003 - IDENTIFICADOR DE NÚMERO DE CONTROL
campo de control ES-MaACL
005 - FECHA Y HORA DE LA ÚLTIMA TRANSACCIÓN
campo de control 20240423140854.0
008 - DATOS DE LONGITUD FIJA--INFORMACIÓN GENERAL
campo de control de longitud fija 220704s2009 sp 001 0aspa
020 ## - NÚMERO INTERNACIONAL ESTÁNDAR DEL LIBRO
Número Internacional Estándar del Libro 978-84-254-1543-2
080 ## - NÚMERO DE LA CLASIFICACIÓN DECIMAL UNIVERSAL
Número de la Clasificación Decimal Universal 929 Goricheva, Tat'iana Mijaïlovna
080 ## - NÚMERO DE LA CLASIFICACIÓN DECIMAL UNIVERSAL
Número de la Clasificación Decimal Universal 281.93(47+57)"19"
100 1# - ENTRADA PRINCIPAL--NOMBRE DE PERSONA
Nombre de persona Goricheva, Tat'iana Mijaïlovna.
9 (RLIN) 174778
245 10 - MENCIÓN DEL TÍTULO
Título Hablar de Dios resulta peligroso :
Resto del título mis experiencias en Rusia y en Occidente /
Mención de responsabilidad, etc. Tatiana Góricheva ; [traducción, Claudio Gancho].
250 ## - MENCION DE EDICION
Mención de edición 3ª ed., 2ª imp.
260 ## - PUBLICACIÓN, DISTRIBUCIÓN, ETC.
Lugar de publicación, distribución, etc. Barcelona :
Nombre del editor, distribuidor, etc. Herder,
Fecha de publicación, distribución, etc. 2009.
300 ## - DESCRIPCIÓN FÍSICA
Extensión 142 p. ;
Dimensiones 20 cm.
600 14 - PUNTO DE ACCESO ADICIONAL DE MATERIA--NOMBRE DE PERSONA
Nombre de persona Goricheva, Tat'iana Mijaïlovna.
9 (RLIN) 174778
651 #4 - PUNTO DE ACCESO ADICIONAL DE MATERIA--NOMBRE GEOGRÁFICO
Nombre geográfico URSS-
Subdivisión geográfica Historia eclesiástica.
9 (RLIN) 168961
700 1# - ENTRADA AGREGADA--NOMBRE PERSONAL
Nombre de persona Gancho, Claudio
9 (RLIN) 53818
852 4# - LOCALIZACIÓN
Ubicación ES-MaACL
itemnumber 197959
Sublocalización o colección R.153353
Número de control de estantería A-11049
Ubicación en estantería Depósito 1
Signatura antigua Olim: N-7997
Encuadernación Donación: José Lázaro Garcia
903 ## - NOMBRE PERSONAL DE DONANTE
9 234219
a Lázaro García, José
e Donante
942 ## - ELEMENTOS DE ENTRADA SECUNDARIOS (KOHA)
Fuente del sistema de clasificación o colocación Clasificación decimal universal
Tipo de ítem Koha Libro impreso
Holdings
Estatus retirado Estado de pérdida Fuente del sistema de clasificación o colocación Estado de daño No para préstamo Biblioteca de origen Biblioteca actual Ubicación en estantería Fecha de adquisición Fuente de adquisición Total de préstamos Signatura topográfica completa Código de barras Visto por última vez Precio de reemplazo Tipo de ítem Koha
    Clasificación decimal universal     Biblioteca del Ateneo de Madrid Biblioteca del Ateneo de Madrid Depósito 1 04/07/2022 Donación   A-11049 1203046 23/02/2023 23/02/2023 Libro impreso